000 00603cam a22002173a 4500
001 45304
003 PGUSA
005 20140828084039.0
008 140408s2014||||xxu|||||s|||||000 | eng d
040 _aPGUSA
_beng
042 _adc
100 1 _aAugustine, Aurelius
245 1 4 _aThe City of God, Volume I
_h[electronic resource] /
_cAurelius Augustine
260 _bProject Gutenberg,
_c2014
506 _aPublic domain in the USA.
516 _aElectronic text
700 1 _aDodds, Marcus
830 0 _aProject Gutenberg
_v45304
856 4 0 _uhttp://www.gutenberg.org/ebooks/45304
942 _cEB
999 _c274555
_d274555